Logo Biblioteca

El juramento de los Centenera / (Registro nro. 1020)

Detalles MARC
000 -LEADER
fixed length control field 01175nam#a22002655a#4500
001 - CONTROL NUMBER
control field 12700
003 - CONTROL NUMBER IDENTIFIER
control field AR-RoUNC
005 - DATE AND TIME OF LATEST TRANSACTION
control field 20260518163952.0
007 - PHYSICAL DESCRIPTION FIXED FIELD--GENERAL INFORMATION
fixed length control field ta
008 - FIXED-LENGTH DATA ELEMENTS--GENERAL INFORMATION
fixed length control field 241104s2016 ag |r 00| f spa d
020 ## - INTERNATIONAL STANDARD BOOK NUMBER
International Standard Book Number 9789876420204
040 ## - CATALOGING SOURCE
Original cataloging agency AR-RoUNC
Language of cataloging spa
Transcribing agency AR-RoUNCS
041 1# - LANGUAGE CODE
Language code of text/sound track or separate title spa
100 1# - MAIN ENTRY--PERSONAL NAME
Personal name Carreras de Sosa, Lydia,
Dates associated with a name 1949-,
Relator term autor
245 13 - TITLE STATEMENT
Title El juramento de los Centenera /
Statement of responsibility, etc. Lydia Carreras de Sosa.
250 ## - EDITION STATEMENT
Edition statement 1a ed. 10a reimp.
260 ## - PUBLICATION, DISTRIBUTION, ETC.
Place of publication, distribution, etc. Buenos Aires :
Name of publisher, distributor, etc. Edelvives,
Date of publication, distribution, etc. 2016.
300 ## - PHYSICAL DESCRIPTION
Extent 188 p. ;
Dimensions 21 cm.
490 0# - SERIES STATEMENT
Series statement Colección alandar ;
Volume/sequential designation 8
500 ## - GENERAL NOTE
General note VII Premio Alandar.
520 ## - SUMMARY, ETC.
Summary, etc. A principios del siglo xx, los hermanos Centenera deciden emigrar a la Argentina. Huérfanos y sin trabajo, emprenden el viaje en barco. Cuando están a punto de llegar, la hermana pequeña desaparece. Incapaces de enfrentarse a esta tragedia, juran no volver a mencionar el hecho y seguir adelante con sus vidas. Con el tiempo, Joseph, uno de los hermanos, rompre la promesa y cuenta todo a una amiga, quien va a ayudarlos a develar la verdad.
650 #7 - SUBJECT ADDED ENTRY--TOPICAL TERM
Source of heading or term embne
Topical term or geographic name entry element Literatura argentina
655 #7 - INDEX TERM--GENRE/FORM
Source of term embne
Genre/form data or focus term Novelas cortas
942 ## - ADDED ENTRY ELEMENTS (KOHA)
Source of classification or shelving scheme Universal Decimal Classification
Koha item type Obra General
Suppress in OPAC No
Existencias
Withdrawn status Lost status Source of classification or shelving scheme Damaged status Not for loan Collection Home library Current library Date acquired Source of acquisition Total checkouts Full call number Barcode Date last seen Price effective from Koha item type
    Universal Decimal Classification     Colección General Biblioteca Escuela de Ciencias Sociales Biblioteca Escuela de Ciencias Sociales 18/05/2026 Donación 2024   82-32(821.6) C314 000316 18/05/2026 18/05/2026 Obra General
Biblioteca de la Escuela Preuniversitaria en Ciencias Sociales y Humanísticas.
Riobamba 250 bis.
CP 2000 - Rosario - Santa Fe
E-Mail: biblioteca@esociales.unr.edu.ar